| 000 | 00483nam a22001697a 4500 | ||
|---|---|---|---|
| 008 | 230808b |||||||| |||| 00| 0 eng d | ||
| 040 |
_aNational Science Library _cNational Science Library |
||
| 080 | _a629.78(05) | ||
| 245 | _aAdvances in space science and technology | ||
| 260 |
_aNew York: _bAcademic Press, _c1963 |
||
| 300 | _axvii, 334p. | ||
| 500 | _aVol. 5 | ||
| 650 | _aTechnology | ||
| 653 | _aAstronautical | ||
| 700 | _aOrdway, Fredrick I (Ed.) | ||
| 942 |
_2udc _cBK |
||
| 999 |
_c58293 _d58293 |
||